Представление документа в формате RUSMARC

ПолеНазваниеЗначение
  Тип записи a
  Библиографический уровень c
001 Контрольный номер SKBR/291b8081-8577-48d9-ae52-5182b7102e59
005 Дата корректировки 20260602141239.3
010 Индекс ISBN __
a ISBN 978-5-04-106941-4
b Уточнения в пер.
9 Тираж 3000 экз.
d Цена 413-60
021 № государственной регистрации __
a Код страны RU
b № документа 2019-91494
035 Другие системные номера __
a Идентификатор записи (RuMoRGB)010180250
035 Другие системные номера __
a Идентификатор записи RU\NLR\BIBL_A\012172462
100 Данные общей обработки __
a Данные общей обработки 20191225d2020 maey0rusy028902 ca
101 Язык документа 0_
a Язык текста rus
102 Страна публикации __
a Страна публикации RU
105 Кодированные данные (монография) __
a Кодированные данные (монография) y z 000gy
181 Поле кодированных данных: вид содержания _0
a Код вида содержания (ISBD) i
182 Поле кодированных данных: тип средства _0
a Код типа средства (ISBD) n
200 Заглавие и сведения об ответственности 1_
a Заглавие Снежные стихи
f Первые сведения об ответственности составитель Татьяна Коровина
203 Вид содержания и тип средства __
a Вид содержания Текст
c Тип средства непосредственный
210 Выходные данные 1_
a Место издания Москва
c Издательство Эксмо
d Дата издания 2020
215 Физическое описание __
a Объем 220, [1] с.
d Формат 18 см
330 Аннотация __
a Аннотация Нет ни одного более радостного праздника, чем Рождество, Новый год, когда любой человек ожидает что в его жизни тоже произойдет чудо, сбудутся самые невероятные мечты! Праздника, подарившего людям надежду и спасение, веру в чудеса! Тема Рождества, Нового года и зимних праздников, развлечений - одна из самых радостных в русской литературе. Так сложилась целая традиция Рождественских, новогодних, зимних стихотворений начиная с ХVII века до современности.
333 Примечание о целевом назначении __
a Примечание о целевом назначении 12+. Для детей старше 12 лет
464 Аналитический уровень _0
1 2001
a На Новый год
f Гавриил Романович Державин
e стихотворение
1 700 1
a Державин
b Г. Р.
g Гавриил Романович
4 070
464 Аналитический уровень _0
1 2001
a Первый час года
e стихотворение
f Семен Сергеевич Бобров
1 700 1
a Бобров
b С. С.
g Семен Сергеевич
4 070
464 Аналитический уровень _0
1 2001
a Стихи на новый 1800 год
e стихотворение
f Василий Андреевич Жуковский
1 700 1
a Жуковский
b В. А.
g Василий Андреевич
4 070
464 Аналитический уровень _0
1 2001
a К друзьям на новый год
e стихотворение
f Дмитрий Владимирович Веневитинов
1 700 1
a Веневитинов
b Д. В.
g Дмитрий Владимирович
4 070
464 Аналитический уровень _0
1 2001
a Зима пришла
e стихотворение
f Николай Михайлович Языков
1 700 1
a Языков
b Н. М.
g Николай Михайлович
4 070
464 Аналитический уровень _0
1 2001
a Зимний вечер
e стихотворение
f Александр Сергеевич Пушкин
1 700 1
a Пушкин
b А. С.
g Александр Сергеевич
4 070
464 Аналитический уровень _0
1 2001
a Метель
e стихотворение
f Иван Алексеевич Бунин
1 700 1
a Бунин
b И. А.
g Иван Алексеевич
4 070
464 Аналитический уровень _0
1 2001
a Ночь на новый год
e стихотворение
f Александр Александрович Блок
1 700 1
a Блок
b А. А.
g Александр Александрович
4 070
464 Аналитический уровень _0
1 2001
a Поет зима - аукает
e стихотворение
f Сергей Александрович Есенин
1 700 1
a Есенин
b С. А.
g Сергей Александрович
4 070
464 Аналитический уровень _0
1 2001
a Третий снег
e стихотворение
f Евгений Александрович Евтушенко
1 700 1
a Евтушенко
b Е. А.
g Евгений Александрович
4 070
606 Тематические рубрики __
a Основная рубрика Художественная литература
2 Код системы nlr_sh
606 Тематические рубрики __
a Основная рубрика Русская литература в целом (произведения)
2 Код системы nlr_sh
610 Ключевые слова 0_
a Ключевые слова стихи
610 Ключевые слова 0_
a Ключевые слова стихотворения
610 Ключевые слова 0_
a Ключевые слова лирика
610 Ключевые слова 0_
a Ключевые слова поэзия
610 Ключевые слова 0_
a Ключевые слова Новый год
610 Ключевые слова 0_
a Ключевые слова Рождество
610 Ключевые слова 0_
a Ключевые слова тема Нового года
610 Ключевые слова 0_
a Ключевые слова тема Рождества
686 Индексы других классификаций __
a Классификационный индекс 84(2=411.2)-5; ст84(2=411.2)-5
2 Код системы rubbks
702 Вторичная интеллектуальная ответственность _1
4 Код отношения 220
801 Источник записи _0
a Страна RU
b Организация NLR
c Дата составления 20191225
g Правила каталогизации PSBO
801 Источник записи _1
a Страна RU
b Организация NLR
c Дата составления 20191225
g Правила каталогизации PSBO
801 Источник записи _2
a Страна RU
b Организация NLR
c Дата составления 20200101
2 Код формата rusmarc
g Правила каталогизации PSBO
852 Данные о местонахождении __
i Авторский знак С 53
j Шифр хранения 84(2=411.2)-5
900 Макрообъекты __
a Макрообъекты Снежные стихи, 2020
901 Тип документа __
a Ответственный ООФиК/Волкова
t Тип документа x
903 Характеристики (МАРС) __
a Дата передачи 20221115
c Наименование библиотеки (МАРС) Муниципальное бюджетное учреждение культуры "Централизованная библиотечная система" г. Сургут (Центральная городская библиотека им. А. С. Пушкина)
990 Данные о заказе (DOS) __
j Количество экземпляров (DOS) 9
t N записи в КСУ для И/У (DOS) 202301
996 Контроль за деятельностью лиц, находящихся под иностранным влиянием __
b Текстовое указание Содержит информацию о наркотических или психотропных веществах, употребление которых опасно для здоровья. Их незаконный оборот влечет уголовную ответственность (18+)